[Event "Krakow Malopolski Cup"]
[Site "Krakow"]
[Date "2022.08.04"]
[Round "2"]
[White "Kotyla, Jan"]
[Black "Tittor, Weronika"]
[Result "1-0"]
[WhiteElo "1429"]
[BlackElo "1253"]
[PlyCount "61"]
[EventDate "2022.08.04"]
[EventType "swiss"]
[EventRounds "9"]
[EventCountry "POL"]
[SourceTitle "CBM 209 Extra"]
[Source "ChessBase"]
[SourceDate "2022.09.30"]
[SourceVersion "1"]
[SourceVersionDate "2022.09.30"]
[SourceQuality "1"]

1. e4 e5 2. Nf3 Nc6 3. Bc4 Bc5 4. c3 Nf6 5. d3 d6 6. 0-0 a6 7. Re1 Bg4 8. Nbd2 Ba7 9. Bb3 0-0 10. Nf1 h6 11. h3 Be6 12. Bc2 Ne7 13. d4 exd4 14. cxd4 c6 15. Be3 d5 16. e5 Ne4 17. N3h2 c5 18. f3 cxd4 19. Bxd4 Nc5 20. Ng3 Qc7 21. Rc1 b6 22. b4 Nc6 23. bxc5 Nxd4 24. Qxd4 bxc5 25. Qh4 Qd7 26. Kh1 d4 27. Qe4 f6 28. Qh7+ Kf7 29. exf6 Kxf6 30. Ng4+ Bxg4 31. Qg6# 1-0